Data structures & other objects using C++ (Record no. 6482)

000 -LEADER
fixed length control field 00754 a2200229 4500
020 ## - INTERNATIONAL STANDARD BOOK NUMBER
International Standard Book Number 0-201-70297-5
040 ## - CATALOGING SOURCE
Original cataloging agency Library of Congress
Language of cataloging English
082 ## - DEWEY DECIMAL CLASSIFICATION NUMBER
Classification number 005.133
-- 005.73
082 ## - DEWEY DECIMAL CLASSIFICATION NUMBER
Classification number 005.133
082 ## - DEWEY DECIMAL CLASSIFICATION NUMBER
Classification number 005.73
100 1# - MAIN ENTRY--PERSONAL NAME
Personal name Main, Michael
245 00 - TITLE STATEMENT
Title Data structures & other objects using C++
Statement of responsibility, etc. Michael Main, Walter Savitch
250 ## - EDITION STATEMENT
Edition statement 2. ed.
260 ## - PUBLICATION, DISTRIBUTION, ETC.
Place of publication, distribution, etc. Boston :
Name of publisher, distributor, etc. Addison Wesley,
Date of publication, distribution, etc. cop. 2001
300 ## - PHYSICAL DESCRIPTION
Extent xxxi, 783 s. :
Other physical details ill. ;
Dimensions 23 cm
650 #7 - SUBJECT ADDED ENTRY--TOPICAL TERM
Topical term or geographic name entry element Data structures (Computer science)
650 #7 - SUBJECT ADDED ENTRY--TOPICAL TERM
Topical term or geographic name entry element Object-oriented programming (Computer science)
650 #7 - SUBJECT ADDED ENTRY--TOPICAL TERM
Topical term or geographic name entry element C++ (Computer programming languages)
700 1# - ADDED ENTRY--PERSONAL NAME
Personal name Savitch, Walter J.,
Dates associated with a name 1943-
740 0# - ADDED ENTRY--UNCONTROLLED RELATED/ANALYTICAL TITLE
Uncontrolled related/analytical title Data structures and other objects using C++
942 ## - ADDED ENTRY ELEMENTS (KOHA)
Koha item type Book
Call number prefix 005.73 MAI
Source of classification or shelving scheme
Holdings
Withdrawn status Lost status Damaged status Not for loan Collection code Permanent Location Current Location Shelving location Date acquired Source of acquisition Cost, normal purchase price Total Checkouts Total Renewals Full call number Barcode Date last seen Date last checked out Price effective from Koha item type
          Central Library (CL) Central Library (CL) First Floor - Operating System/ Data Structure 01/22/2003 Pak American 6960.00 4 2 005.73 MAI SEECS003004 09/20/2016 09/20/2016 01/05/2017 Book
© 2023 Central Library, National University of Sciences and Technology. All Rights Reserved.